Statistics for Non-european countries part of the European Broadcasting Union(EBU)

Click here to take the quiz!

General Stats

  • This quiz has been taken 19 times
    (8 since last reset)
  • The average score is 11 of 13

Answer Stats

Broadcasting organisationCountry% Correct
Public Television of Armenia Public Radio of ArmeniaArmenia
100%
İctimai TelevisionAzerbaijan
100%
Georgian Public BroadcasterGeorgia
100%
Société Nationale de Radiodiffusion et de TélévisionMorocco
100%
Israeli Public Broadcasting CorporationIsrael
100%
Etablissement public de Télévision Algérienne, Enterprise nationale de radiodiffusion, Télédiffusion d'AlgérieAlgeria
86%
Egyptian Radio and Television UnionEgypt
86%
Libya National ChannelLibya
86%
Radio tunisienne Télévision tunisienneTunisia
86%
Türkiye Radyo-Televizyon KurumuTurkey
86%
Cyprus Broadcasting CorporationCyprus
71%
Télé LibanLebanon
71%
Jordan Radio and Television CorporationJordan
71%

Score Distribution

Percentile by Number Answered

Percent of People with Each Score

Your Score History

You have not taken this quiz since the last reset